000 01149nas a2200253Ia 4500
001 R144/C1067
003 IT-RoPAU
008 151124c99999999xx |||||||||||| ||und||
040 _aIT-RoPAU
040 _cIT-RoPAU
041 _aFRANCESE
100 _aMusso Pierre
_gCodice Aut. SPICS: 17552
210 _aQUADERNI-LA REVUE DE LA COMMUNICATION
222 _aQuaderni-La Revue De La Communication
245 _aQUADERNI, N.021 (1993) - ART ET TECHNIQUE CONTEMPORAINS
_bMetafort D'Aubervilliers (Le), Projet Pour la Rencontre Arts-Sciences-Techniques
250 _a1a ed.
260 _aCOLOMBES (FRANCIA)
_bAZ PRESSE
_c1993
501 _bPaulus - SPICS - Società San Paolo EM (non-commercial uses only)
_cCopyright2015
300 _a16 p. [141-156]
362 _aN.021 (1993) - ART ET TECHNIQUE CONTEMPORAINS
500 _aPresentazione del Metafort D'Aubervilliers, Progetto per un Incontro tra Arti, Scienze e Tecniche. Rottura della Forma Simbolica. Evoluzione del Luogo e del Modo di Fabbricazione dell'Opera. Progetto Metafort, Luogo di Creazione e D'Innovazione.
650 _aCOMUNICAZIONE
_vPUBBLICAZIONE PERIODICA
942 _cCR
999 _c189154
_d189154